[Event "Benidorm Satellite preliminary"]
[Site "playchess.com #007036"]
[Date "2009.10.24"]
[Round "3"]
[White "Misu2008"]
[Black "Juckel"]
[Result "1-0"]
[WhiteElo "1790"]
[BlackElo "1527"]
[PlyCount "87"]
[EventDate "2009.10.24"]
[EventType "swiss (blitz)"]

1. d4 {[%emt 0:00:02]} d5 {[%emt 0:00:01]} 2. Nf3 {[%emt 0:00:02]} Nf6 {[%emt
0:00:00]} 3. c4 {[%emt 0:00:03]} c6 {[%emt 0:00:01]} 4. e3 {[%emt 0:00:03]} Bf5
{[%emt 0:00:01]} 5. Nc3 {[%emt 0:00:05]} e6 {[%emt 0:00:01]} 6. Qb3 {[%emt 0:
00:15]} Qc7 {[%emt 0:00:03]} 7. cxd5 {[%emt 0:00:10]} exd5 {[%emt 0:00:04]} 8.
Bd2 {[%emt 0:00:04]} Bd6 {[%emt 0:00:01]} 9. Rc1 {[%emt 0:00:04]} a6 {[%emt 0:
00:06]} 10. Na4 {[%emt 0:00:11]} Nbd7 {[%emt 0:00:06]} 11. Bb4 {[%emt 0:00:07]}
b5 {[%emt 0:00:09]} 12. Bxd6 {[%emt 0:00:13]} Qxd6 {[%emt 0:00:06]} 13. Nc5 {
[%emt 0:00:04]} O-O {[%emt 0:00:04]} 14. Be2 {[%emt 0:00:02]} Nb6 {[%emt 0:00:
08]} 15. O-O {[%emt 0:00:11]} Nc4 {[%emt 0:00:01]} 16. Qc3 {[%emt 0:00:31]} a5
{[%emt 0:00:10]} 17. b3 {[%emt 0:00:03]} b4 {[%emt 0:00:11]} 18. Qe1 {[%emt 0:
00:04]} Nb6 {[%emt 0:01:01]} 19. Ne5 {[%emt 0:00:02]} Rac8 {[%emt 0:00:12]} 20.
Nb7 {[%emt 0:00:19]} Qc7 {[%emt 0:00:07]} 21. Nxa5 {[%emt 0:00:02]} Nbd7 {
[%emt 0:00:14]} 22. Naxc6 {[%emt 0:00:18]} Nxe5 {[%emt 0:00:02]} 23. dxe5 {
[%emt 0:00:01]} Ne4 {[%emt 0:00:05]} 24. Qxb4 {[%emt 0:00:02]} Ra8 {[%emt 0:00:
46]} 25. Ne7+ {[%emt 0:00:02]} Qxe7 {[%emt 0:00:02]} 26. Qxe7 {[%emt 0:00:02]}
Rxa2 {[%emt 0:00:00]} 27. Bf3 {[%emt 0:00:03]} Nd2 {[%emt 0:00:01]} 28. Rfd1 {
[%emt 0:00:03]} Nxf3+ {[%emt 0:00:01]} 29. gxf3 {[%emt 0:00:01]} Be6 {[%emt 0:
00:04]} 30. Rc7 {[%emt 0:00:04]} Ra6 {[%emt 0:00:06]} 31. f4 {[%emt 0:00:01]}
Rb6 {[%emt 0:00:03]} 32. Rb7 {[%emt 0:00:02]} Rxb7 {[%emt 0:00:02]} 33. Qxb7 {
[%emt 0:00:01]} g6 {[%emt 0:00:00]} 34. Rd4 {[%emt 0:00:02]} Kg7 {[%emt 0:00:
00]} 35. h4 {[%emt 0:00:01]} Rc8 {[%emt 0:00:00]} 36. Qxc8 {[%emt 0:00:03]}
Bxc8 {[%emt 0:00:02]} 37. Rxd5 {[%emt 0:00:01]} Be6 {[%emt 0:00:01]} 38. Rb5 {
[%emt 0:00:01]} h6 {[%emt 0:00:01]} 39. b4 {[%emt 0:00:01]} g5 {[%emt 0:00:01]}
40. hxg5 {[%emt 0:00:02]} hxg5 {[%emt 0:00:01]} 41. fxg5 {[%emt 0:00:01]} Kg6 {
[%emt 0:00:00]} 42. Rc5 {[%emt 0:00:01]} Kxg5 {[%emt 0:00:01]} 43. b5 {[%emt 0:
00:01]} Kf5 {[%emt 0:00:01]} 44. b6 {[%emt 0:00:01] Juckel gibt auf} 1-0

[Event "Benidorm Satellite preliminary"]
[Site "playchess.com #007036"]
[Date "2009.10.24"]
[Round "3"]
[White "Rubirov"]
[Black "Sant"]
[Result "0-1"]
[WhiteElo "1510"]
[BlackElo "1934"]
[PlyCount "70"]
[EventDate "2009.10.24"]
[EventType "swiss (blitz)"]

1. e4 {[%emt 0:00:02]} Nf6 {[%emt 0:00:03]} 2. e5 {[%emt 0:00:03]} Nd5 {[%emt
0:00:01]} 3. d4 {[%emt 0:00:03]} d6 {[%emt 0:00:01]} 4. Nf3 {[%emt 0:00:03]} g6
{[%emt 0:00:01]} 5. Bc4 {[%emt 0:00:29]} Nb6 {[%emt 0:00:10]} 6. Bb3 {[%emt 0:
00:03]} Bg7 {[%emt 0:00:01]} 7. a4 {[%emt 0:00:13]} a5 {[%emt 0:00:02]} 8. Qe2
{[%emt 0:00:06]} O-O {[%emt 0:00:02]} 9. h3 {[%emt 0:00:02]} Na6 {[%emt 0:00:
12]} 10. O-O {[%emt 0:00:07]} Bf5 {[%emt 0:00:20]} 11. Bd2 {[%emt 0:00:30]}
dxe5 {[%emt 0:00:11]} 12. dxe5 {[%emt 0:00:07]} Nc5 {[%emt 0:00:01]} 13. Rd1 {
[%emt 0:00:21]} Nxb3 {[%emt 0:00:11]} 14. cxb3 {[%emt 0:00:02]} Qc8 {[%emt 0:
00:10]} 15. Nc3 {[%emt 0:00:02]} h6 {[%emt 0:00:14]} 16. Rac1 {[%emt 0:00:02]}
c6 {[%emt 0:00:20]} 17. Ne4 {[%emt 0:00:08]} Bxe4 {[%emt 0:00:08]} 18. Qxe4 {
[%emt 0:00:01]} e6 {[%emt 0:00:06]} 19. Be3 {[%emt 0:00:11]} Nd5 {[%emt 0:00:
02]} 20. Rd3 {[%emt 0:00:21]} Qd7 {[%emt 0:00:05]} 21. Rcd1 {[%emt 0:00:04]}
Qc7 {[%emt 0:00:21]} 22. Bf4 {[%emt 0:00:13]} b5 {[%emt 0:00:10]} 23. axb5 {
[%emt 0:00:04]} cxb5 {[%emt 0:00:01]} 24. Rc1 {[%emt 0:00:04]} Qb7 {[%emt 0:00:
10]} 25. Be3 {[%emt 0:00:18]} Rfc8 {[%emt 0:00:09]} 26. Rdd1 {[%emt 0:00:04]}
Rxc1 {[%emt 0:00:05]} 27. Rxc1 {[%emt 0:00:01]} Rc8 {[%emt 0:00:01]} 28. Rxc8+
{[%emt 0:00:02]} Qxc8 {[%emt 0:00:01]} 29. Kh2 {[%emt 0:00:01]} Qc7 {[%emt 0:
00:14] '} 30. g3 {[%emt 0:00:06]} Nxe3 {[%emt 0:00:10]} 31. Qxe3 {[%emt 0:00:
02]} Qc2 {[%emt 0:00:04]} 32. Kg2 {[%emt 0:00:05]} Qxb2 {[%emt 0:00:02]} 33.
Qb6 {[%emt 0:00:02]} Qxb3 {[%emt 0:00:03]} 34. Qxa5 {[%emt 0:00:02]} Qd5 {
[%emt 0:00:06]} 35. Qd8+ {[%emt 0:00:03]} Bf8 {[%emt 0:00:01] Tiempo} 0-1

[Event "Benidorm Satellite preliminary"]
[Site "playchess.com #007036"]
[Date "2009.10.24"]
[Round "3"]
[White "Casellina"]
[Black "Windwolf"]
[Result "0-1"]
[WhiteElo "1566"]
[BlackElo "1764"]
[PlyCount "90"]
[EventDate "2009.10.24"]
[EventType "swiss (blitz)"]

1. e4 {[%emt 0:00:01]} c5 {[%emt 0:00:01]} 2. Nf3 {[%emt 0:00:01]} d6 {[%emt 0:
00:01]} 3. c3 {[%emt 0:00:01]} Nf6 {[%emt 0:00:03]} 4. Bd3 {[%emt 0:00:01]} Nc6
{[%emt 0:00:04]} 5. Bc2 {[%emt 0:00:01]} e5 {[%emt 0:00:03]} 6. d4 {[%emt 0:00:
03]} Bg4 {[%emt 0:00:05]} 7. dxc5 {[%emt 0:00:10]} dxc5 {[%emt 0:00:05]} 8.
Qxd8+ {[%emt 0:00:01]} Rxd8 {[%emt 0:00:01]} 9. O-O {[%emt 0:00:01]} Bxf3 {
[%emt 0:00:02]} 10. gxf3 {[%emt 0:00:01]} Be7 {[%emt 0:00:00]} 11. Be3 {[%emt
0:00:17]} O-O {[%emt 0:00:09]} 12. Na3 {[%emt 0:00:04]} b6 {[%emt 0:00:04]} 13.
Rad1 {[%emt 0:00:14]} h6 {[%emt 0:00:01]} 14. Nb5 {[%emt 0:00:15]} a6 {[%emt 0:
00:04]} 15. Nc7 {[%emt 0:00:01]} Na5 {[%emt 0:00:09]} 16. b3 {[%emt 0:00:23]}
Nb7 {[%emt 0:00:24]} 17. Rxd8 {[%emt 0:00:07]} Rxd8 {[%emt 0:00:02]} 18. Rd1 {
[%emt 0:00:29]} Kf8 {[%emt 0:00:09]} 19. Rxd8+ {[%emt 0:00:11]} Bxd8 {[%emt 0:
00:02]} 20. Nxa6 {[%emt 0:00:05]} Ke7 {[%emt 0:00:14]} 21. b4 {[%emt 0:00:09]}
c4 {[%emt 0:00:09]} 22. Ba4 {[%emt 0:00:34]} Nd6 {[%emt 0:00:08]} 23. Nb8 {
[%emt 0:00:18]} Bc7 {[%emt 0:00:28] '} 24. Nc6+ {[%emt 0:00:05]} Ke6 {[%emt 0:
00:02]} 25. b5 {[%emt 0:00:08]} Nd7 {[%emt 0:00:05]} 26. Kf1 {[%emt 0:00:01]}
Nb7 {[%emt 0:00:01]} 27. Ke2 {[%emt 0:00:01]} Nbc5 {[%emt 0:00:01]} 28. Bxc5 {
[%emt 0:00:02]} Nxc5 {[%emt 0:00:01]} 29. Bc2 {[%emt 0:00:01]} f6 {[%emt 0:00:
05]} 30. a4 {[%emt 0:00:02]} Kd6 {[%emt 0:00:03]} 31. Ke3 {[%emt 0:00:02]} Ke6
{[%emt 0:00:04]} 32. Bd1 {[%emt 0:00:02]} Nb7 {[%emt 0:00:01]} 33. Bc2 {[%emt
0:00:02]} Bd6 {[%emt 0:00:01]} 34. Nb4 {[%emt 0:00:03]} Bc5+ {[%emt 0:00:05]}
35. Ke2 {[%emt 0:00:02]} Na5 {[%emt 0:00:02]} 36. Bd1 {[%emt 0:00:04]} Kd6 {
[%emt 0:00:08]} 37. Nc2 {[%emt 0:00:01]} Nb3 {[%emt 0:00:02]} 38. Ne3 {[%emt 0:
00:02]} Na5 {[%emt 0:00:02]} 39. Nd5 {[%emt 0:00:02]} Kd7 {[%emt 0:00:03]} 40.
f4 {[%emt 0:00:01]} Kd6 {[%emt 0:00:02]} 41. fxe5+ {[%emt 0:00:02]} fxe5 {
[%emt 0:00:00]} 42. f4 {[%emt 0:00:02]} exf4 {[%emt 0:00:01]} 43. Nxf4 {[%emt
0:00:02]} Ke5 {[%emt 0:00:00]} 44. Nd5 {[%emt 0:00:02]} Kxe4 {[%emt 0:00:01]}
45. Bc2+ {[%emt 0:00:02]} Kxd5 {[%emt 0:00:01] Casellina resigns} 0-1

[Event "Benidorm Satellite preliminary"]
[Site "playchess.com #007036"]
[Date "2009.10.24"]
[Round "3"]
[White "Vijayvikram"]
[Black "Rashid"]
[Result "0-1"]
[WhiteElo "1747"]
[BlackElo "2135"]
[PlyCount "80"]
[EventDate "2009.10.24"]
[EventType "swiss (blitz)"]

1. e4 {[%emt 0:00:01]} e5 {[%emt 0:00:01]} 2. Nf3 {[%emt 0:00:03]} Nc6 {[%emt
0:00:01]} 3. Bc4 {[%emt 0:00:10]} Be7 {[%emt 0:00:05]} 4. O-O {[%emt 0:00:05]}
Nf6 {[%emt 0:00:01]} 5. d3 {[%emt 0:00:03]} O-O {[%emt 0:00:02]} 6. c3 {[%emt
0:00:07]} d6 {[%emt 0:00:03]} 7. Re1 {[%emt 0:00:04]} Kh8 {[%emt 0:00:08]} 8.
a4 {[%emt 0:00:04]} Ng8 {[%emt 0:00:03]} 9. Nbd2 {[%emt 0:00:09]} f5 {[%emt 0:
00:06]} 10. exf5 {[%emt 0:00:30]} Bxf5 {[%emt 0:00:04]} 11. h3 {[%emt 0:00:21]}
Qe8 {[%emt 0:00:11]} 12. Ne4 {[%emt 0:00:23]} Qg6 {[%emt 0:00:12]} 13. Ng3 {
[%emt 0:00:06]} Bd7 {[%emt 0:00:25]} 14. Bd5 {[%emt 0:00:05]} Nf6 {[%emt 0:00:
03]} 15. Nh4 {[%emt 0:00:39]} Qe8 {[%emt 0:00:04]} 16. Bf3 {[%emt 0:00:05]} Ng8
{[%emt 0:00:17]} 17. Bh5 {[%emt 0:00:10]} g6 {[%emt 0:00:11]} 18. Bg4 {[%emt 0:
00:23]} Bxh4 {[%emt 0:00:05]} 19. Be3 {[%emt 0:00:04]} Bxg3 {[%emt 0:00:09] '}
20. fxg3 {[%emt 0:00:01]} Nf6 {[%emt 0:00:01]} 21. Bf3 {[%emt 0:00:02]} Qf7 {
[%emt 0:00:10]} 22. Rf1 {[%emt 0:00:01]} Qg7 {[%emt 0:00:01]} 23. Bg5 {[%emt 0:
00:02]} Rae8 {[%emt 0:00:05]} 24. Qd2 {[%emt 0:00:01]} Ng8 {[%emt 0:00:03]} 25.
Rae1 {[%emt 0:00:02]} h6 {[%emt 0:00:02]} 26. Be3 {[%emt 0:00:01]} Nd8 {[%emt
0:00:08]} 27. d4 {[%emt 0:00:02]} e4 {[%emt 0:00:05]} 28. Be2 {[%emt 0:00:02]}
d5 {[%emt 0:00:04]} 29. Bf4 {[%emt 0:00:03]} Ne6 {[%emt 0:00:16]} 30. Be5 {
[%emt 0:00:02]} Nf6 {[%emt 0:00:01]} 31. g4 {[%emt 0:00:03]} Kh7 {[%emt 0:00:
05]} 32. g5 {[%emt 0:00:06]} Nxg5 {[%emt 0:00:06]} 33. Rf4 {[%emt 0:00:04]} c6
{[%emt 0:00:02]} 34. Ref1 {[%emt 0:00:01]} Re6 {[%emt 0:00:09]} 35. Bg4 {[%emt
0:00:01]} Rxe5 {[%emt 0:00:04]} 36. Bxd7 {[%emt 0:00:02]} Nxd7 {[%emt 0:00:04]}
37. dxe5 {[%emt 0:00:01]} Rxf4 {[%emt 0:00:03]} 38. Qxf4 {[%emt 0:00:01]} Qxe5
{[%emt 0:00:06]} 39. Qf7+ {[%emt 0:00:02]} Nxf7 {[%emt 0:00:01]} 40. Rxf7+ {
[%emt 0:00:00]} Kg8 {[%emt 0:00:00] Vijayvikram resigns} 0-1

[Event "Benidorm Satellite preliminary"]
[Site "playchess.com #007036"]
[Date "2009.10.24"]
[Round "3"]
[White "Roefe"]
[Black "Master--Sim"]
[Result "1-0"]
[WhiteElo "1679"]
[BlackElo "1984"]
[PlyCount "151"]
[EventDate "2009.10.24"]
[EventType "swiss (blitz)"]

1. d4 {[%emt 0:00:00]} d6 {[%emt 0:00:02]} 2. c4 {[%emt 0:00:01]} g6 {[%emt 0:
00:02]} 3. e3 {[%emt 0:00:02]} Bg7 {[%emt 0:00:01]} 4. Nf3 {[%emt 0:00:01]} Nc6
{[%emt 0:00:01]} 5. b3 {[%emt 0:00:01]} e5 {[%emt 0:00:01]} 6. Bb2 {[%emt 0:00:
05]} f5 {[%emt 0:00:02]} 7. Be2 {[%emt 0:00:05]} Qe7 {[%emt 0:00:07]} 8. O-O {
[%emt 0:00:08]} e4 {[%emt 0:00:03]} 9. Nfd2 {[%emt 0:00:02]} Nf6 {[%emt 0:00:
02]} 10. a3 {[%emt 0:00:02]} O-O {[%emt 0:00:03]} 11. Qc2 {[%emt 0:00:01]} g5 {
[%emt 0:00:04]} 12. Nc3 {[%emt 0:00:05]} Qf7 {[%emt 0:00:03]} 13. f3 {[%emt 0:
00:11]} exf3 {[%emt 0:00:04]} 14. Nxf3 {[%emt 0:00:12]} Qg6 {[%emt 0:00:03]}
15. Bd3 {[%emt 0:00:10]} Bd7 {[%emt 0:00:08]} 16. Rae1 {[%emt 0:00:03]} Rae8 {
[%emt 0:00:03]} 17. b4 {[%emt 0:00:12]} Ne4 {[%emt 0:00:05]} 18. b5 {[%emt 0:
00:05]} Nd8 {[%emt 0:00:05]} 19. Nd5 {[%emt 0:00:10]} Ne6 {[%emt 0:00:09]} 20.
Nd2 {[%emt 0:00:11]} Nxd2 {[%emt 0:00:04]} 21. Qxd2 {[%emt 0:00:02]} c6 {[%emt
0:00:02]} 22. bxc6 {[%emt 0:00:03]} bxc6 {[%emt 0:00:01]} 23. Nc3 {[%emt 0:00:
05]} Nc7 {[%emt 0:00:02]} 24. Kh1 {[%emt 0:00:18]} d5 {[%emt 0:00:02]} 25. cxd5
{[%emt 0:00:05]} Nxd5 {[%emt 0:00:01]} 26. e4 {[%emt 0:00:10]} fxe4 {[%emt 0:
00:05]} 27. Rxf8+ {[%emt 0:00:05]} Bxf8 {[%emt 0:00:06]} 28. Nxe4 {[%emt 0:00:
09]} Bf5 {[%emt 0:00:07]} 29. Nc3 {[%emt 0:00:00]} Rxe1+ {[%emt 0:00:07]} 30.
Qxe1 {[%emt 0:00:03]} Bxd3 {[%emt 0:00:02]} 31. h3 {[%emt 0:00:09]} Bg7 {[%emt
0:00:10]} 32. Qg3 {[%emt 0:00:03]} Bxd4 {[%emt 0:00:06]} 33. Qb8+ {[%emt 0:00:
15]} Kg7 {[%emt 0:00:04]} 34. Nxd5 {[%emt 0:00:09]} Bxb2 {[%emt 0:00:11]} 35.
Qxb2+ {[%emt 0:00:03]} Kh6 {[%emt 0:00:02]} 36. Ne3 {[%emt 0:00:11]} Qe6 {
[%emt 0:00:11]} 37. Ng4+ {[%emt 0:00:08]} Kh5 {[%emt 0:00:05]} 38. Nf6+ {[%emt
0:00:05]} Kg6 {[%emt 0:00:03]} 39. Ng4 {[%emt 0:00:03]} h5 {[%emt 0:00:06]} 40.
Ne5+ {[%emt 0:00:02]} Kf5 {[%emt 0:00:02]} 41. Nxd3 {[%emt 0:00:01]} Qd5 {
[%emt 0:00:04]} 42. Qf2+ {[%emt 0:00:03]} Ke4 {[%emt 0:00:02]} 43. Qf3+ {[%emt
0:00:02]} Kd4 {[%emt 0:00:03]} 44. Qxd5+ {[%emt 0:00:01]} cxd5 {[%emt 0:00:00]}
45. Nb4 {[%emt 0:00:03]} Kc4 {[%emt 0:00:02]} 46. Kg1 {[%emt 0:00:01]} a5 {
[%emt 0:00:05]} 47. Nc6 {[%emt 0:00:02]} a4 {[%emt 0:00:02]} 48. Kf1 {[%emt 0:
00:02]} Kb3 {[%emt 0:00:01]} 49. Ke2 {[%emt 0:00:01]} Kxa3 {[%emt 0:00:01]} 50.
Kd2 {[%emt 0:00:02]} Kb2 {[%emt 0:00:01]} 51. Ne5 {[%emt 0:00:05]} a3 {[%emt 0:
00:02]} 52. Nd3+ {[%emt 0:00:01]} Kb1 {[%emt 0:00:01]} 53. Nb4 {[%emt 0:00:02]}
a2 {[%emt 0:00:01]} 54. Nxa2 {[%emt 0:00:01]} Kxa2 {[%emt 0:00:00]} 55. Kd3 {
[%emt 0:00:01]} g4 {[%emt 0:00:06]} 56. hxg4 {[%emt 0:00:02]} hxg4 {[%emt 0:00:
00]} 57. Kd4 {[%emt 0:00:01]} Kb2 {[%emt 0:00:01]} 58. Kxd5 {[%emt 0:00:01]}
Kc2 {[%emt 0:00:00]} 59. Ke4 {[%emt 0:00:01]} Kd2 {[%emt 0:00:01]} 60. Kf4 {
[%emt 0:00:01]} Ke2 {[%emt 0:00:01]} 61. Kxg4 {[%emt 0:00:01]} Kf2 {[%emt 0:00:
01]} 62. Kh3 {[%emt 0:00:01]} Ke3 {[%emt 0:00:01]} 63. Kh4 {[%emt 0:00:01]} Ke4
{[%emt 0:00:01]} 64. Kh5 {[%emt 0:00:01]} Ke5 {[%emt 0:00:00]} 65. g4 {[%emt 0:
00:03]} Kf6 {[%emt 0:00:01]} 66. Kh6 {[%emt 0:00:01]} Kf7 {[%emt 0:00:01]} 67.
Kh7 {[%emt 0:00:01]} Kf6 {[%emt 0:00:01]} 68. Kh6 {[%emt 0:00:01]} Kf7 {[%emt
0:00:01]} 69. g5 {[%emt 0:00:01]} Kg8 {[%emt 0:00:01]} 70. Kg6 {[%emt 0:00:01]}
Kh8 {[%emt 0:00:01]} 71. Kf7 {[%emt 0:00:01]} Kh7 {[%emt 0:00:01]} 72. g6+ {
[%emt 0:00:01]} Kh6 {[%emt 0:00:01]} 73. g7 {[%emt 0:00:01]} Kh5 {[%emt 0:00:
02]} 74. g8=Q {[%emt 0:00:01]} Kh4 {[%emt 0:00:00]} 75. Kf6 {[%emt 0:00:01]}
Kh5 {[%emt 0:00:00]} 76. Qg5# {[%emt 0:00:02]} 1-0

[Event "Benidorm Satellite preliminary"]
[Site "playchess.com #007036"]
[Date "2009.10.24"]
[Round "3"]
[White "Hauberk"]
[Black "Craigsholl66"]
[Result "1-0"]
[WhiteElo "2404"]
[BlackElo "1611"]
[PlyCount "117"]
[EventDate "2009.10.24"]
[EventType "swiss (blitz)"]

1. e4 {[%emt 0:00:01]} e6 {[%emt 0:00:02]} 2. d4 {[%emt 0:00:01]} d5 {[%emt 0:
00:01]} 3. Nc3 {[%emt 0:00:00]} Bb4 {[%emt 0:00:02]} 4. e5 {[%emt 0:00:01]} Ne7
{[%emt 0:00:01]} 5. Bd2 {[%emt 0:00:02]} c5 {[%emt 0:00:02]} 6. Nb5 {[%emt 0:
00:02]} Bxd2+ {[%emt 0:00:04]} 7. Qxd2 {[%emt 0:00:00]} O-O {[%emt 0:00:28]} 8.
c3 {[%emt 0:00:09]} cxd4 {[%emt 0:00:02]} 9. cxd4 {[%emt 0:00:02]} Nbc6 {[%emt
0:00:03]} 10. f4 {[%emt 0:00:14]} a6 {[%emt 0:00:06]} 11. Nd6 {[%emt 0:00:04]}
Nf5 {[%emt 0:00:02]} 12. Nxf5 {[%emt 0:00:03]} exf5 {[%emt 0:00:01]} 13. Nf3 {
[%emt 0:00:00]} Qa5 {[%emt 0:00:14]} 14. Bd3 {[%emt 0:00:07]} Be6 {[%emt 0:00:
07]} 15. a3 {[%emt 0:00:05]} Qxd2+ {[%emt 0:00:10]} 16. Nxd2 {[%emt 0:00:05]}
Nxd4 {[%emt 0:00:04]} 17. Kf2 {[%emt 0:00:07]} Rfc8 {[%emt 0:00:05]} 18. Rhc1 {
[%emt 0:00:02]} Rxc1 {[%emt 0:00:13]} 19. Rxc1 {[%emt 0:00:02]} Rc8 {[%emt 0:
00:02]} 20. Rxc8+ {[%emt 0:00:06]} Bxc8 {[%emt 0:00:02]} 21. Ke3 {[%emt 0:00:
00]} Nc6 {[%emt 0:00:05]} 22. Nb3 {[%emt 0:00:01]} b6 {[%emt 0:00:13]} 23. Nd4
{[%emt 0:00:01]} Ne7 {[%emt 0:00:12]} 24. Nc2 {[%emt 0:00:09]} g6 {[%emt 0:00:
06]} 25. Kd4 {[%emt 0:00:11]} Bb7 {[%emt 0:00:07]} 26. Nb4 {[%emt 0:00:08]} a5
{[%emt 0:00:02]} 27. Nc2 {[%emt 0:00:01]} h6 {[%emt 0:00:12]} 28. g3 {[%emt 0:
00:02]} Kf8 {[%emt 0:00:03]} 29. b4 {[%emt 0:00:04]} axb4 {[%emt 0:00:07]} 30.
Nxb4 {[%emt 0:00:07]} Nc6+ {[%emt 0:00:16]} 31. Nxc6 {[%emt 0:00:11]} Bxc6 {
[%emt 0:00:01]} 32. Bc2 {[%emt 0:00:05]} Ke7 {[%emt 0:00:05]} 33. Bb3 {[%emt 0:
00:04]} Ke6 {[%emt 0:00:05]} 34. h3 {[%emt 0:00:01]} g5 {[%emt 0:00:03]} 35. h4
{[%emt 0:00:01]} gxf4 {[%emt 0:00:08]} 36. gxf4 {[%emt 0:00:01]} Bb7 {[%emt 0:
00:11]} 37. Bc2 {[%emt 0:00:05]} Ba6 {[%emt 0:00:05]} 38. Bb3 {[%emt 0:00:02]}
Bb7 {[%emt 0:00:03]} 39. Ba2 {[%emt 0:00:01]} Bc6 {[%emt 0:00:17]} 40. Bb1 {
[%emt 0:00:08] .} Bb7 {[%emt 0:00:02]} 41. Bd3 {[%emt 0:00:01]} Bc6 {[%emt 0:
00:01]} 42. Ba6 {[%emt 0:00:01]} Ba8 {[%emt 0:00:01]} 43. Bc8+ {[%emt 0:00:03]}
Ke7 {[%emt 0:00:01]} 44. Bxf5 {[%emt 0:00:01]} Bb7 {[%emt 0:00:02]} 45. Bg4 {
[%emt 0:00:04]} f6 {[%emt 0:00:04]} 46. f5 {[%emt 0:00:13]} fxe5+ {[%emt 0:00:
03]} 47. Kxe5 {[%emt 0:00:01]} Kf7 {[%emt 0:00:03]} 48. Bf3 {[%emt 0:00:15]}
Ke7 {[%emt 0:00:03]} 49. Bxd5 {[%emt 0:00:11]} Bxd5 {[%emt 0:00:01]} 50. Kxd5 {
[%emt 0:00:01]} Kf6 {[%emt 0:00:01]} 51. Ke4 {[%emt 0:00:01]} b5 {[%emt 0:00:
01]} 52. Kf4 {[%emt 0:00:02]} h5 {[%emt 0:00:02]} 53. Ke4 {[%emt 0:00:01]} Ke7
{[%emt 0:00:01]} 54. Ke5 {[%emt 0:00:01]} Kf7 {[%emt 0:00:00]} 55. f6 {[%emt 0:
00:01]} Ke8 {[%emt 0:00:01]} 56. Ke6 {[%emt 0:00:02]} Kf8 {[%emt 0:00:01]} 57.
f7 {[%emt 0:00:01]} Kg7 {[%emt 0:00:05]} 58. Ke7 {[%emt 0:00:01]} Kg6 {[%emt 0:
00:01]} 59. f8=Q {[%emt 0:00:02] Craigsholl66 resigns} 1-0

[Event "Benidorm Satellite preliminary"]
[Site "playchess.com #007036"]
[Date "2009.10.24"]
[Round "3"]
[White "Henrik"]
[Black "Fighterknight"]
[Result "0-1"]
[WhiteElo "1803"]
[BlackElo "2294"]
[PlyCount "82"]
[EventDate "2009.10.24"]
[EventType "swiss (blitz)"]

1. e4 {[%emt 0:00:02]} d5 {[%emt 0:00:01]} 2. exd5 {[%emt 0:00:09]} Qxd5 {
[%emt 0:00:03]} 3. Nc3 {[%emt 0:00:01]} Qd6 {[%emt 0:00:04]} 4. Bc4 {[%emt 0:
00:05]} Nf6 {[%emt 0:00:01]} 5. d4 {[%emt 0:00:04]} a6 {[%emt 0:00:01]} 6. Be3
{[%emt 0:00:03]} Nc6 {[%emt 0:00:01]} 7. a4 {[%emt 0:00:08]} Bf5 {[%emt 0:00:
03]} 8. Nf3 {[%emt 0:00:02]} h6 {[%emt 0:00:10]} 9. h3 {[%emt 0:00:06]} g5 {
[%emt 0:00:09]} 10. Qd2 {[%emt 0:00:03]} Bg7 {[%emt 0:00:02]} 11. O-O {[%emt 0:
00:27]} g4 {[%emt 0:00:12]} 12. Nh4 {[%emt 0:00:14]} Bc8 {[%emt 0:00:07]} 13.
Rad1 {[%emt 0:00:21]} gxh3 {[%emt 0:00:15]} 14. g3 {[%emt 0:00:01]} Ng4 {[%emt
0:00:07]} 15. Bf4 {[%emt 0:00:02]} Qxd4 {[%emt 0:00:07]} 16. Qxd4 {[%emt 0:00:
15]} Nxd4 {[%emt 0:00:00]} 17. Bxc7 {[%emt 0:00:01]} Bd7 {[%emt 0:00:14]} 18.
Nd5 {[%emt 0:00:45]} Bc6 {[%emt 0:00:12]} 19. f3 {[%emt 0:00:07]} h2+ {[%emt 0:
00:17]} 20. Kh1 {[%emt 0:00:06]} b5 {[%emt 0:00:08]} 21. Ba2 {[%emt 0:00:15]}
Ra7 {[%emt 0:00:58] '} 22. Bb6 {[%emt 0:00:05]} Rd7 {[%emt 0:00:13]} 23. Bxd4 {
[%emt 0:00:02]} Bxd4 {[%emt 0:00:10]} 24. Rxd4 {[%emt 0:00:04]} Ne3 {[%emt 0:
00:01]} 25. Re1 {[%emt 0:00:16] .} Nxc2 {[%emt 0:00:02]} 26. Nf6+ {[%emt 0:00:
01]} Kd8 {[%emt 0:00:02]} 27. Nxd7 {[%emt 0:00:01]} Nxd4 {[%emt 0:00:02]} 28.
Nc5 {[%emt 0:00:02]} Nxf3 {[%emt 0:00:03]} 29. Rd1+ {[%emt 0:00:01]} Kc7 {
[%emt 0:00:01]} 30. Nxf3 {[%emt 0:00:01]} Bxf3+ {[%emt 0:00:00]} 31. Kxh2 {
[%emt 0:00:01]} Bxd1 {[%emt 0:00:00]} 32. Bxf7 {[%emt 0:00:02]} Kd6 {[%emt 0:
00:03]} 33. Ne4+ {[%emt 0:00:02]} Ke5 {[%emt 0:00:01]} 34. Nc3 {[%emt 0:00:01]}
Bf3 {[%emt 0:00:01]} 35. axb5 {[%emt 0:00:03]} axb5 {[%emt 0:00:02]} 36. Nxb5 {
[%emt 0:00:01]} Rc8 {[%emt 0:00:01]} 37. Nc3 {[%emt 0:00:02]} Rd8 {[%emt 0:00:
01]} 38. Kh3 {[%emt 0:00:04]} Rd2 {[%emt 0:00:01]} 39. g4 {[%emt 0:00:04]} Kf4
{[%emt 0:00:02]} 40. Be6 {[%emt 0:00:05]} Rc2 {[%emt 0:00:03]} 41. Bf5 {[%emt
0:00:02]} Rc1 {[%emt 0:00:01] Henrik gibt auf} 0-1

[Event "Benidorm Satellite preliminary"]
[Site "playchess.com #007036"]
[Date "2009.10.24"]
[Round "3"]
[White "AndreevSt"]
[Black "RKO DRM"]
[Result "1-0"]
[WhiteElo "1962"]
[BlackElo "1669"]
[PlyCount "87"]
[EventDate "2009.10.24"]
[EventType "swiss (blitz)"]

1. d4 {[%emt 0:00:04]} Nf6 {[%emt 0:00:04]} 2. c4 {[%emt 0:00:02]} d6 {[%emt 0:
00:01]} 3. Nc3 {[%emt 0:00:02]} g6 {[%emt 0:00:00]} 4. e4 {[%emt 0:00:02]} Bg7
{[%emt 0:00:01]} 5. f3 {[%emt 0:00:00]} O-O {[%emt 0:00:01]} 6. Be3 {[%emt 0:
00:01]} Nbd7 {[%emt 0:00:04]} 7. Qd2 {[%emt 0:00:00]} c5 {[%emt 0:00:01]} 8.
Nh3 {[%emt 0:00:03]} e5 {[%emt 0:00:04]} 9. d5 {[%emt 0:00:03]} Nb6 {[%emt 0:
00:03]} 10. Nf2 {[%emt 0:00:02]} Ne8 {[%emt 0:00:04]} 11. Bd3 {[%emt 0:00:02]}
f5 {[%emt 0:00:01]} 12. exf5 {[%emt 0:00:01]} Bxf5 {[%emt 0:00:01]} 13. O-O {
[%emt 0:00:02]} Nf6 {[%emt 0:00:06]} 14. b3 {[%emt 0:00:07]} Qe7 {[%emt 0:00:
13]} 15. Be4 {[%emt 0:00:09]} Rad8 {[%emt 0:00:22]} 16. Rad1 {[%emt 0:00:05]}
a6 {[%emt 0:00:06]} 17. Qc2 {[%emt 0:00:07]} Bxe4 {[%emt 0:00:13]} 18. Ncxe4 {
[%emt 0:00:09]} Nbd7 {[%emt 0:00:07]} 19. Ng5 {[%emt 0:00:05]} Rfe8 {[%emt 0:
00:12]} 20. Ne6 {[%emt 0:00:03]} Rc8 {[%emt 0:00:01]} 21. Bg5 {[%emt 0:00:13]}
Nf8 {[%emt 0:00:02]} 22. Nxg7 {[%emt 0:00:55]} Qxg7 {[%emt 0:00:12]} 23. Rde1 {
[%emt 0:00:03]} N8d7 {[%emt 0:00:02]} 24. Re2 {[%emt 0:00:19]} b6 {[%emt 0:00:
10]} 25. Rfe1 {[%emt 0:00:03]} Kf7 {[%emt 0:00:19]} 26. f4 {[%emt 0:00:04]} h6
{[%emt 0:00:26]} 27. fxe5 {[%emt 0:00:30]} Nxe5 {[%emt 0:00:02]} 28. Bxf6 {
[%emt 0:00:08]} Qxf6 {[%emt 0:00:03]} 29. Ne4 {[%emt 0:00:02]} Qd8 {[%emt 0:00:
05]} 30. Rf1+ {[%emt 0:00:10]} Kg7 {[%emt 0:00:01]} 31. Ref2 {[%emt 0:00:04]}
Re7 {[%emt 0:00:11]} 32. Rf6 {[%emt 0:00:03]} g5 {[%emt 0:00:08]} 33. Nxd6 {
[%emt 0:00:05]} Rcc7 {[%emt 0:00:12]} 34. Ne4 {[%emt 0:00:11]} Rf7 {[%emt 0:00:
08]} 35. Qf2 {[%emt 0:00:07]} Rxf6 {[%emt 0:00:08]} 36. Nxf6 {[%emt 0:00:00]}
Rf7 {[%emt 0:00:07]} 37. Nh5+ {[%emt 0:00:02]} Kg8 {[%emt 0:00:01]} 38. Qe1 {
[%emt 0:00:02]} Qf8 {[%emt 0:00:06]} 39. Rxf7 {[%emt 0:00:02]} Nxf7 {[%emt 0:
00:01]} 40. Nf6+ {[%emt 0:00:02]} Kg7 {[%emt 0:00:01]} 41. Qe6 {[%emt 0:00:01]}
Qd6 {[%emt 0:00:05]} 42. Ne8+ {[%emt 0:00:02]} Kg8 {[%emt 0:00:02]} 43. Nxd6 {
[%emt 0:00:02]} Kf8 {[%emt 0:00:01]} 44. Qxf7# {[%emt 0:00:01]} 1-0